Centro de Estudios de Historia de México /

Este es el volumen número dos en el que se presenta la crónica de la inauguración del edificio del Centro de EStudios de Historia de México, por el presidente Luis Echeverría.

Uloženo v:
Podrobná bibliografie
Médium: Kniha
Jazyk:španělština
Témata:
Tagy: Přidat tag
Žádné tagy, Buďte první, kdo vytvoří štítek k tomuto záznamu!

MARC

LEADER 00000nam^a2200000^a^4500
001 000134551
005 20250521000000.0
009 20260310095211.548
037 |a Acervo ITESO - Biblioteca 
041 |a ESP 
082 |a 972. 005  |b CEN 1972 V. 2 
240 1 1 |a [Centro de Estudios de Historia de México] 
245 0 0 |a Centro de Estudios de Historia de México / 
264 |a México :  |b Condumex, Centro de Estudios de Historia de México,  |c 1972 
300 |a 1 v. (sin paginación) 
336 |a texto  |b txt  |2 rdacontenido 
337 |a sin mediación  |b n  |2 rdamedio 
338 |a volumen  |b nc  |2 rdasoporte 
520 |a Este es el volumen número dos en el que se presenta la crónica de la inauguración del edificio del Centro de EStudios de Historia de México, por el presidente Luis Echeverría. 
649 |a XX 
650 |a México -  |x Historia -  |x Publicaciones Periódicas 
650 |a Jefes de Estado Mexicanos -  |x Discursos 
650 |a Políticos Mexicanos -  |x Discursos 
650 |a Centros de Investigación -  |z México -  |x Informes 
650 |a México -  |x Historia -  |x Estudio y Enseñanza 
910 |a Fondo Salvador Reynoso Reynoso 
920 |a Impresos - Libros 
930 |a Fondos Especiales 
905 |a 112 
901 |a 0800013260  |b IT2  |c ESP  |u 20250521 
902 |a https://opac.biblio.iteso.mx/vufind/Record/000134551